000 00388nam a2200145 i 4500
001 46125
003 ES-MaACL
005 20230906161332.0
007 t|
008 030328s1887 fr ||||1| fre d
100 1 _aCollot, Louis.
_939755
245 1 0 _aAge de la bauxite dans le sud-est de la France /
_cLouis Collot.
260 _a[Paris :
_bs.n.,
_c1887]
852 _aES-MaACL
_jT-902-F-20
999 _c46125
_d46125